Refutación hecha por el general de división Leonardo Márquez al libelo del general de brigada Don Manuel Ramírez de Arellano (Record no. 158803)

MARC details
000 -LEADER
campo de control de longitud fija 00938nam a2200193 i 4500
001 - NÚMERO DE CONTROL
campo de control 158803
003 - IDENTIFICADOR DE NÚMERO DE CONTROL
campo de control ES-MaACL
005 - FECHA Y HORA DE LA ÚLTIMA TRANSACCIÓN
campo de control 20230906211325.0
008 - DATOS DE LONGITUD FIJA--INFORMACIÓN GENERAL
campo de control de longitud fija 040906s1869 xxu |||| | spa d
100 1# - ENTRADA PRINCIPAL--NOMBRE DE PERSONA
Nombre de persona Márquez, Leonardo.
9 (RLIN) 130346
245 10 - MENCIÓN DEL TÍTULO
Título Refutación hecha por el general de división Leonardo Márquez al libelo del general de brigada Don Manuel Ramírez de Arellano
Resto del título : publicado en París el 30 de diciembre de 1868, bajo el epígrafe de "Últimas horas del Imperio".
260 ## - PUBLICACIÓN, DISTRIBUCIÓN, ETC.
Lugar de publicación, distribución, etc. Nueva York :
Nombre del editor, distribuidor, etc. [s.n.],
Fecha de publicación, distribución, etc. 1869.
300 ## - DESCRIPCIÓN FÍSICA
Extensión 223 p. ;
Dimensiones 21 cm.
530 ## - NOTA DISPONIBLE DE FORMULARIO FÍSICO ADICIONAL
Nota de formato físico adicional disponible Disponible en formato digital.
651 #4 - PUNTO DE ACCESO ADICIONAL DE MATERIA--NOMBRE GEOGRÁFICO
Nombre geográfico México-
Subdivisión general Historia-
Subdivisión cronológica 1861-1867, Intervención europea.
9 (RLIN) 146885
700 1# - ENTRADA AGREGADA--NOMBRE PERSONAL
Nombre de persona Ramírez de Arellano, Manuel.
9 (RLIN) 131589
852 ## - LOCALIZACIÓN
Ubicación ES-MaACL
Número de control de estantería T-191-F-3
Nota libre - Enc. hol.
condición física - Falto de cub. original
Nota libre - Enc. en un vol. facticio
856 ## - LOCALIZACIÓN Y ACCESO ELECTRÓNICOS
Identificador Uniforme de Recursos <a href="http://bdh-rd.bne.es/viewer.vm?id=0000061110&page=1 ">http://bdh-rd.bne.es/viewer.vm?id=0000061110&page=1 </a>
Nota pública Biblioteca Digital Hispánica
Holdings
Estatus retirado Estado de pérdida Estado de daño No para préstamo Colección Biblioteca de origen Biblioteca actual Ubicación en estantería Fecha de adquisición Total de préstamos Signatura topográfica completa Código de barras Visto por última vez Precio de reemplazo Tipo de ítem Koha
        Colección de folletos Biblioteca del Ateneo de Madrid Biblioteca del Ateneo de Madrid Depósito folletos 17/01/2008   T-191-F-3 1166217 23/02/2023 23/02/2023 Folleto